Statistics for Song Titles by Synonyms #2

Click here to take the quiz!

General Stats

  • This quiz has been taken 29,636 times
  • The average score is 13 of 20

Answer Stats

SynonymsSong Title% Correct
Pelvises Don't FibHips Don't Lie
95%
Don't Fret, Be ContentDon't Worry, Be Happy
92%
Alligator StoneCrocodile Rock
85%
Don't Cease Trustin'Don't Stop Believin'
78%
Croonin' in the PrecipitationSingin' in the Rain
75%
Ebony CanineBlack Dog
75%
Romance CabinLove Shack
73%
Existin' on a SupplicationLivin' on a Prayer
71%
ParasolUmbrella
71%
Stone You Like a TyphoonRock You Like a Hurricane
67%
Real PigmentsTrue Colors
66%
Avenue of Shattered ReveriesBoulevard of Broken Dreams
65%
Positive ReverberationsGood Vibrations
64%
Sultry for EducatorHot for Teacher
59%
Rural StreetsCountry Roads
58%
Monarch of the AvenueKing of the Road
58%
Misplacing My CreedLosing My Religion
52%
Crazy in the CerebrumInsane in the Brain
48%
Infant Pachyderm StrollBaby Elephant Walk
35%
Small Crimson CamaroLittle Red Corvette
26%

Score Distribution

Percentile by Number Answered

Percent of People with Each Score

Your Score History

You have not taken this quiz